000 00585nam a2200169 a 4500
001 000029689
005 20200930055731.0
008 110425s1991 dr 000 0 spa d
040 _aDO-SdBNP
_bspa
_cBNPHU
082 _axxx
_bA728i
100 1 _aArmenteros Ruis, J. Enrique
_956488
245 1 0 _aImpacto del sector empresarial en la conservación del ambiente /
_cJ. Enrique Armenteros Ruis.
260 _aSanto Domingo :
_bFundación para el mejoramiento Humano (PROGRESSIO),
_c1991.
300 _a24 p. ;
_c22 cm.
490 1 _aPROGRESSIO
_vno. 3
830 0 _aPROGRESSIO
_nno. 3
_956489
999 _c29181
_d29181